[Event "Biel 44. ACCENTUS-GM-Turnier"]
[Site "Biel/Switzerland"]
[Date "2011.07.25"]
[Round "5"]
[White "Morozevich, Alexander"]
[Black "Shirov, Alexei"]
[Result "1/2-1/2"]
[WhiteElo "2694"]
[BlackElo "2714"]
[PlyCount "81"]
[EventDate "2011.??.??"]

1. d4 Nf6 2. c4 e6 3. Nc3 Bb4 4. Qc2 O-O 5. a3 Bxc3+ 6. Qxc3 d5 7. Bg5 c5 8.
dxc5 d4 9. Qc2 Nbd7 10. b4 h6 11. Bd2 a5 12. Rd1 axb4 13. axb4 (13. Bxb4 e5 14.
e3 Re8 (14... dxe3 15. fxe3 Ng4 16. Qd2 Qg5) 15. Be2 Nb8 16. exd4 exd4 17. Nf3
Nc6 18. O-O) 13... e5 14. Nf3 (14. e4 dxe3 15. fxe3 e4) 14... Re8 15. g3 e4 (
15... Nb8 16. Bg2 e4 (16... Nc6 17. O-O e4 18. Ne1 Bg4 19. f3) 17. Nxd4 Qxd4
18. Bf4 Qd3 19. Rxd3 exd3 20. Qxd3 Ra1+ 21. Kd2 Ra2+ 22. Kd1 Na6 23. Bd2) 16.
Nxd4 Ne5 17. Qc3 Nfg4 (17... Nd3+ 18. exd3 exd3+ 19. Be3) 18. Be3 (18. Bg2 Nd3+
19. exd3 exd3+ 20. Be3 Nxe3 21. fxe3 Rxe3+) 18... Nxe3 19. fxe3 (19. Qxe3 Nd3+
(19... Nxc4 20. Qc3) (19... Bg4) 20. exd3 exd3 21. Bxd3 Rxe3+ 22. fxe3 Bh3)
19... Qg5 (19... Qf6 20. Bg2 Ng4 21. Rf1 Qg5 22. Rf4 Ra2 23. Bxe4 Nxh2) 20. Bg2
Nd3+ (20... Ng4) 21. exd3 Qxe3+ 22. Kf1 (22. Ne2 Bg4 23. Qd2 exd3) 22... Bh3 (
22... Bg4 23. Re1) (22... Ra2 23. Nc2) (22... Ra6 23. c6) 23. Qb2 (23. Bxh3 Ra2
24. Nc2 (24. Qe1 Qxd4 25. dxe4 Qf6+ 26. Kg1 Rxe4) 24... Qf3+) 23... Bg4 24. Re1
Qxd3+ 25. Kg1 Rad8 (25... Qxc4 26. Bf1 Ra2 27. Bxc4 Rxb2) 26. Nb5 e3 27. h3 e2
(27... Qd2 28. Qxd2 exd2 29. Rxe8+ Rxe8 30. Kh2 Re1 (30... d1=Q 31. Rxd1 Bxd1
32. Bxb7) 31. Nc3 d1=Q 32. Nxd1) 28. Kh2 (28. Qc3 Qd1 29. Nd6) 28... Qe3 29.
Nd6 Qf2 30. Nxe8 (30. hxg4 Rxd6 31. cxd6 Re3 32. Qd2 (32. Rxe2 Rxe2 33. Qxe2
Qxe2 34. c5) 32... Rxg3 33. Rhg1) 30... Rxe8 31. Qd2 Bf3 (31... Re3) 32. Rhg1
Re3 33. b5 f5 34. Qd4 (34. Qxe3 Qxe3 35. Bxf3 Qxf3 36. Rg2 f4) (34. c6 bxc6 35.
bxc6 f4 (35... Bxc6 36. Qxe3) (35... Be4) 36. gxf4 Be4) 34... Be4 35. Qxe3 (35.
Qe5 Bxg2 36. Rxg2 Qxg2+ 37. Kxg2 Rxe5 38. c6 bxc6 39. b6 c5 40. b7 Re8 41. Kf2
Kf7 42. Rxe2 Rb8 43. Rb2 Ke6 44. Ke3 g5 45. Rb1) 35... Qxe3 36. Bxe4 Qxe4 37.
c6 bxc6 38. bxc6 f4 (38... Qxc4) 39. c7 fxg3+ (39... Qxc4) 40. Rxg3 Qxc4 41.
Kg2 1/2-1/2

[Event "Biel 44. ACCENTUS-GM-Turnier"]
[Site "Biel/Switzerland"]
[Date "2011.07.25"]
[Round "5"]
[White "Vachier-Lagrave, Maxime"]
[Black "Caruana, Fabiano"]
[Result "1/2-1/2"]
[WhiteElo "2722"]
[BlackElo "2711"]
[PlyCount "63"]
[EventDate "2011.??.??"]

1. Nf3 Nf6 2. c4 e6 3. Nc3 c5 4. g3 b6 5. Bg2 Bb7 6. O-O Be7 7. b3 (7. Re1 {
[%cal Ge2e4,Gd2d4,Gb7g2]}) 7... d6 (7... O-O 8. Bb2 d5 9. cxd5 Nxd5 10. Nxd5
Bxd5) 8. Bb2 Nbd7 9. e3 O-O 10. Qe2 Qc7 (10... a6 11. Rfd1 Ra7 12. d4 Qa8 13.
d5 exd5 14. cxd5) 11. Rfd1 a6 12. Rac1 Rfe8 13. d4 Ne4 14. Nxe4 (14. d5 Nxc3
15. Bxc3 exd5 16. cxd5 Bf6) (14. Qc2 Nxc3 15. Bxc3 Nf6 (15... Rad8)) 14... Bxe4
15. Ne1 Bxg2 16. Nxg2 cxd4 (16... Nf6 17. Nf4 cxd4 18. Rxd4 (18. exd4) 18...
Nd7 (18... Qb7)) 17. exd4 Qb7 18. Ne3 (18. Nf4 Bg5 19. Qg4 h6) 18... Rac8 19.
Ba3 Bf8 (19... d5 20. Bxe7 Rxe7 21. Nxd5) (19... b5 20. d5 e5 21. Nf5 (21. cxb5
axb5 22. Bb4 {[%csl Rb5][%cal Gc1c6]})) 20. d5 (20. h4 Qe4 (20... d5 21. Bxf8
Nxf8 22. cxd5 Rxc1 23. Rxc1 exd5 {[%cal Gf8e6]} 24. Qf3 Re4 25. Nf5 Qd7 26. h5
g6 27. Ne3 Qe6) 21. d5 e5 (21... exd5) (21... Ne5) 22. h5 h6) (20. Bb4 Nf6)
20... e5 {[%cal Gb3b4,Gc4c5]} (20... exd5 21. Qf3 (21. Rxd5)) 21. h4 g6 22. h5
(22. g4 e4 23. Bb2 Ne5 24. Bxe5 Rxe5 25. g5 Bg7 26. Ng4 Re7 27. Qe3) 22... f5
23. hxg6 (23. b4 Nf6 24. hxg6 hxg6 25. c5 bxc5 26. bxc5 dxc5 27. d6 Rcd8 28.
Bxc5 Ne4 29. Nd5 Bxd6 30. Bxd6 Rxd6 31. Rc7 Qb5) 23... hxg6 24. Kg2 Nf6 25. Rh1
Qd7 {[%csl Gd6][%cal Gf5f4]} 26. Rh4 Bg7 (26... f4 27. gxf4 exf4 28. Rxf4) 27.
Rch1 g5 (27... Rf8 28. f4 (28. g4 f4 29. g5 fxe3 30. gxf6 Rxf6 31. f3 (31. Qxe3
Rcf8 32. Qxb6) 31... Rcf8 32. R1h3 g5) (28. f3 g5 29. R4h2 f4) 28... Rce8 29.
Qf3 exf4 30. gxf4 Qe7 31. R1h3) 28. Rh5 (28. Rh6 Bxh6 29. Rxh6 Kg7 30. Rh5 Kg6)
28... f4 (28... Nxh5 29. Qxh5 {[%cal Gh5h7,Ge3f5]} f4 30. Qh7+ Kf8 31. Nf5 {
[%cal Ga3d6,Gh1h6]}) 29. Rxg5 (29. gxf4 exf4 30. Rxg5 Re5 (30... fxe3 31. Bb2)
31. Rxe5 dxe5 32. Nc2 Qf5 33. f3 Nxd5) 29... fxe3 30. Qxe3 {[%csl Rb6][%cal
Gg5g6,Ge3h6]} Rf8 (30... Nh7 31. Rgh5) (30... b5 31. Rg6 (31. Rh4 bxc4 32. Rg6)
31... Qf5 32. Qh6 Qe4+ 33. f3 Qe2+ 34. Kh3 Rc7) (30... Kf7 31. Rxg7+ Kxg7 32.
Qg5+ Kf7 33. Rh6) (30... Qf7 31. Bxd6 Nxd5 32. Rxg7+ Qxg7 33. cxd5) 31. Rh4 (
31. Qd3 e4 32. Qe2 Rf7 33. Bb2 Rcf8 34. Rh6 Ne8) (31. f3 Nh7 32. Rg6 (32. Rg4
Qf5) 32... Rf6 33. Rxf6) 31... Nh7 32. Rgh5 (32. Rgg4 Rf6 33. f4 (33. Qe4 Qf5
34. Qxf5 Rxf5 35. Bxd6 Nf6) 33... Re8) 1/2-1/2

[Event "Biel 44. ACCENTUS-GM-Turnier"]
[Site "Biel/Switzerland"]
[Date "2011.07.25"]
[Round "5"]
[White "Carlsen, Magnus"]
[Black "Pelletier, Yannick"]
[Result "1-0"]
[WhiteElo "2821"]
[BlackElo "2590"]
[PlyCount "83"]
[EventDate "2011.??.??"]

1. e4 e6 2. d4 d5 3. Nc3 dxe4 4. Nxe4 Nd7 5. g3 Be7 6. Bg2 Ngf6 7. Nc3 O-O 8.
Nf3 Nd5 9. Qd3 (9. Ne4 b5) 9... Nb4 10. Qd2 (10. Qe2 b6) 10... c5 (10... b6 11.
a3 Nd5 12. Nxd5 exd5 13. O-O) 11. O-O cxd4 12. Nxd4 Nb6 {[%csl Gc2][%cal Ge6e5]
} 13. a3 e5 (13... N4d5) 14. axb4 exd4 {[%csl Gc3,Ge3]} 15. Nb5 (15. Ne4 Nc4
16. Qe2 Ne5 17. Nc5 Bxc5 18. bxc5 Re8 {[%cal Gc8g4]}) 15... Bf6 16. Rd1 (16.
Rxa7 Rxa7 17. Nxa7 Bd7 18. Bxb7 Qb8) (16. Nxa7 Be6 17. Bxb7 Rxa7 18. Rxa7 Qb8)
16... Bg4 (16... Nc4 17. Qe2) 17. f3 Bf5 {[%cal Gb5d4,Gf5c2]} 18. g4 {[%cal
Ga7a6]} a6 19. Nxd4 (19. gxf5 axb5 20. Rxa8 Qxa8 21. Qd3 Qa4) (19. Na3 Be6 20.
g5 Be7 21. Qxd4 Bxb4) 19... Bxd4+ (19... Nc4 20. Qc3 Bxc2 21. Qxc2 Bxd4+ 22.
Kh1 (22. Kf1 Qd5 (22... Rc8 23. Qe4 Bxb2 24. Bxb2) 23. f4 Qb5) 22... Rc8 23.
Qe4 Re8 24. Rxd4 Rxe4 25. Rxd8+ Rxd8 26. Bg5 Red4 27. Bxd8 Rxd8 28. f4 Nxb2 29.
Bxb7 Nd3) 20. Qxd4 Bxc2 21. Qxd8 Raxd8 22. Rxd8 Rxd8 23. f4 (23. Be3 Nd5 {
[%csl Gd1]}) (23. Bg5 f6 24. Bh4 Rd2) 23... Rd7 (23... Rd1+ 24. Kf2 Nd5 25. b5
h5 26. gxh5 Nxf4 (26... axb5 27. Bf3 Rd4 28. Ra8+) 27. Bxb7) (23... Nd5 24. b5
(24. Bd2 Ne7 {[%cal Ge7c6]}) 24... Bd3 25. bxa6 bxa6 26. Kf2 Bb5) 24. b5 Rd1+ (
24... axb5 25. Be3 Na4 26. Rc1 Rd1+ 27. Rxd1 Bxd1 28. Bd4 b6 29. b4 Bxg4 30.
Bc6 Be2 31. f5 f6) 25. Kf2 axb5 26. Bxb7 f5 (26... h6 27. Bf3 Rd8) 27. Bf3 Rd8
28. Ra5 fxg4 29. Bxg4 Bd3 30. Be6+ Kh8 31. b3 h6 32. Bb2 Nd5 33. Ra7 Nf6 34.
Rf7 Rd6 (34... Bc2 35. Rxf6 Rd2+ 36. Ke3 Rd3+ 37. Ke2 gxf6 38. Bxf6+ Kh7 39.
Bf5+) 35. f5 Bc2 36. Rf8+ Kh7 37. Bxf6 gxf6 38. Rxf6 Rd2+ 39. Ke3 Rd3+ (39...
Rxh2 40. Rf7+ Kh8 41. f6 Bxb3 42. Rf8+ Kh7 43. Bf5#) 40. Ke2 h5 41. Rf7+ Kh6
42. Rc7 1-0